Catálogo público

Historia de las Indias de Nueva España y islas de Tierras Firme (Record no. 22957)

MARC details
000 -CABECERA
campo de control de longitud fija 01365nam a22003617a 4500
003 - IDENTIFICADOR DEL NÚMERO DE CONTROL
campo de control CHAP
005 - FECHA Y HORA DE LA ÚLTIMA TRANSACCIÓN
campo de control 20220329134616.0
008 - DATOS DE LONGITUD FIJA--INFORMACIÓN GENERAL
campo de control de longitud fija 971013s1867 r 00010 d
010 ## - NÚMERO DE CONTROL DE LA BIBLIOTECA DEL CONGRESO
Número de control de LC 22957
011 ## - ENLACE DEL NUMERO DE CONTROL DE LA BIBLIOTECA DEL CONGRESO [OBSOLETO]
Número de control de LC 23929
035 ## - NÚMERO DE CONTROL DEL SISTEMA
Número de control de sistema 28026
040 ## - FUENTE DE LA CATALOGACIÓN
Centro/agencia transcriptor CHAP
082 ## - NÚMERO DE LA CLASIFICACIÓN DECIMAL DEWEY
Número de clasificación 972.01
Número de documento/Ítem D8
100 00 - ENTRADA PRINCIPAL--NOMBRE DE PERSONA
Nombre de persona Durán, Diego.
9 (RLIN) 34720
245 ## - MENCIÓN DE TÍTULO
Título Historia de las Indias de Nueva España y islas de Tierras Firme
260 ## - PUBLICACIÓN, DISTRIBUCIÓN, ETC.
Lugar de publicación, distribución, etc. México, D.F. :
Nombre del editor, distribuidor, etc. Imprenta de J.M. Andrade y F. Escalante,
Fecha de publicación, distribución, etc. 1867-80
300 ## - DESCRIPCIÓN FÍSICA
Extensión 535 p.
Material acompañante/anejo + atlas
500 ## - NOTA GENERAL
Nota general c.2 pub. en 2 v. por Consejo Nacional para la Cultura y las Artes
590 ## - NOTA LOCAL (RLIN)
Nota local BATCH-UPD
Procedencia (VM) [OBSOLETO] 10
Condición del los carretes individuales (VM) [OBSOLETO] 20130110
-- UCH01
-- 1844
590 ## - NOTA LOCAL (RLIN)
Nota local BATCH-UPD
Procedencia (VM) [OBSOLETO] 10
Condición del los carretes individuales (VM) [OBSOLETO] 20130410
-- UCH01
-- 1214
590 ## - NOTA LOCAL (RLIN)
Nota local BATCH-UPD
Procedencia (VM) [OBSOLETO] 10
Condición del los carretes individuales (VM) [OBSOLETO] 20130914
-- UCH01
-- 0817
590 ## - NOTA LOCAL (RLIN)
Nota local CONVERSION
Procedencia (VM) [OBSOLETO] 10
Condición del los carretes individuales (VM) [OBSOLETO] 20130109
-- UCH01
-- 1313
650 14 - PUNTO DE ACCESO ADICIONAL DE MATERIA--TÉRMINO DE MATERIA
Término de materia o nombre geográfico como elemento de entrada Calendario mexicano.
9 (RLIN) 17463
650 14 - PUNTO DE ACCESO ADICIONAL DE MATERIA--TÉRMINO DE MATERIA
Término de materia o nombre geográfico como elemento de entrada Indios de México
Subdivisión general Religión y mitología.
9 (RLIN) 57636
650 14 - PUNTO DE ACCESO ADICIONAL DE MATERIA--TÉRMINO DE MATERIA
Término de materia o nombre geográfico como elemento de entrada México
Subdivisión general Historia
-- Conquista.
9 (RLIN) 76756
650 14 - PUNTO DE ACCESO ADICIONAL DE MATERIA--TÉRMINO DE MATERIA
Término de materia o nombre geográfico como elemento de entrada México
Subdivisión general Historia
-- Epoca prehispánica.
9 (RLIN) 76759
901 ## - ELEMENTOS DE DATOS A LOCAL LDA (RLIN)
a BK
942 ## - ELEMENTOS DE PUNTO DE ACCESO ADICIONAL (KOHA)
Tipo de ítem Koha Libro
949 ## - PROCESAMIENTO DE INFORMACIÓN LOCAL (OCLC)
a 972.01 D8
b BC
c BPP
d -64673
e BPP
h 25830
i 28026
s i
949 ## - PROCESAMIENTO DE INFORMACIÓN LOCAL (OCLC)
a 972.01 D8
b BC
c BPP
d -64674
e BPP
f atlas
h 25831
i 28026
s i
949 ## - PROCESAMIENTO DE INFORMACIÓN LOCAL (OCLC)
a 972.01 D8
b BC
c LIBRO
d 33724000632386
e LIBRO
f v.2
h 91767
i 28026
s b
949 ## - PROCESAMIENTO DE INFORMACIÓN LOCAL (OCLC)
a 972.01 D8
b BC
c LIBRO
d 33724002056611
e LIBRO
f v.1
h 91766
i 28026
s i
Holdings
Estado de retiro Estado de pérdida Fuente del sistema de clasificación o colocación Estado dañado Restricciones de uso No para préstamo Código de colección Localización permanente Ubicación/localización actual Fecha de adquisición Información codificada de la localización en otra ubicación Total de préstamos Signatura topográfica completa Código de barras Fecha visto por última vez Precio válido a partir de Tipo de ítem Koha Número de copia Ubicación en estantería
    Dewey Decimal Classification   Préstamo interno   Fondo Reservado Biblioteca Central Biblioteca Central 31/12/2019 LIBRO   972.01 D8 -64673 31/12/2019 31/12/2019 Libro    
    Dewey Decimal Classification   Préstamo interno   Fondo Reservado Biblioteca Central Biblioteca Central 31/12/2019 LIBRO   972.01 D8 -64674 31/12/2019 31/12/2019 Libro atlas  
    Dewey Decimal Classification   Préstamo 15 días   General Biblioteca Central Biblioteca Central 31/12/2019 LIBRO   972.01 D8 33724000632386 31/12/2019 31/12/2019 Libro v.2 Planta principal - Colección General
    Dewey Decimal Classification   Préstamo 15 días   General Biblioteca Central Biblioteca Central 31/12/2019 LIBRO   972.01 D8 33724002056611 31/12/2019 31/12/2019 Libro v.1 Planta principal - Colección General